Projekt Deutsch 4 metodická príručka

Bibliographic Details
Main Authors: McCrorie, Morag (Author), Spencer, Michael (Author), Schicker, Corinna (Author)
Other Authors: Adamec, Filip (Translator), Lapšanská, Janka (Translator)
Format: Book
Language:Slovak
German
PhysicalDescription:133 s. tab. 30 cm
Published: Bratislava Oxico 2004
ISBN:809682449X
Edition:1. vyd.
Subjects:

MARC

LEADER 00000nam a2200000 a 4500
001 vtls001482763
003 SK-MaSNL
005 20260301203915.0
008 240318s2004 xo slo
015 |a SNBA2006/02-00660 
020 |a 809682449X 
035 |a SNK000438060 
035 |a urn:nbn:sk:snk-amls9o 
035 |a urn:nbn:sk:snk-am00cavr 
035 |a 0AEC2CB2-3BD0-4F6B-AC76-8D0FD3F6136B 
040 |a SNK  |b slo  |c SNK  |e AACR2 
041 0 |a slo  |a ger 
044 |a xo  |c SK 
072 7 |a 811.112.2  |x Nemčina  |2 konspekt 
080 |a 371.3:811.112.2  |x (072)  |2 2001 
080 |a 371.3  |2 1981 
080 |a (072)  |2 1981 
080 |a 811.112.2  |2 1981 
100 1 |a McCrorie, Morag  |4 aut  |9 587992 
245 1 0 |a Projekt Deutsch 4  |b metodická príručka  |c Morag McCrorie, Michael Spencer, Corinna Schicker ; preklad: Filip Adamec, Janka Lapšanská 
250 |a 1. vyd. 
260 |a Bratislava  |b Oxico  |c 2004 
300 |a 133 s.  |b tab.  |c 30 cm 
500 |a Pravdepodobne preložené z angl. 
500 |a Použ. skrat. a značky 
650 0 7 |a nemčina  |2 SNKPH  |9 1384 
650 0 7 |a didaktika nemeckého jazyka  |2 SNKPH  |9 71530 
655 7 |a metodické príručky  |2 SNKPH  |9 70250 
700 1 |a Spencer, Michael  |4 aut  |9 587993 
700 1 |a Schicker, Corinna  |4 aut  |9 587994 
700 1 |a Adamec, Filip  |4 trl  |9 367696 
700 1 |a Lapšanská, Janka  |4 trl  |9 587995 
919 |a 80-968244-9-X 
968 |d 37 
999 |c 904413  |d 906343 
952 |t P60, <03>, [BOOK], {603}, -B-  |a SNK  |b SNK  |y PREZ  |7 0  |p 17A0444572  |o snkSB 66033/4  |i snkKSP 12739/2004  |0 0  |1 0  |4 0  |d 2004-10-04  |f 1  |l 0  |r 2025-04-17 00:00:00  |w 2026-02-24 
952 |t P60, <04>, [BOOK], {604}  |a SNK  |b SNK  |y VYP  |7 0  |p 17A0444573  |o snkSB 66033/4 D1  |i snkKSP 12740/2004  |0 0  |1 0  |4 0  |d 2004-10-04  |l 0  |r 2005-01-02 00:00:00  |w 2026-02-24